| 000 | 00709na a2200217 4500 | ||
|---|---|---|---|
| 001 | 17131 | ||
| 003 | MIRAKIL | ||
| 005 | 20181213154756.0 | ||
| 008 | 161024b tu 000 0 | ||
| 040 |
_aMilas _btur _cTR-AnCHP |
||
| 041 | _atur | ||
| 082 |
_aCHP 352.0956214 _bM83 2010 |
||
| 090 | _aCHP 352.0956214 M83 2010 | ||
| 245 |
_aMuğla Belediyesi _cMuğla Belediyesi |
||
| 260 |
_a[Muğla] _b[yayl. y.] _c2010 |
||
| 300 |
_a[28 s.] _bfotg. _c30 sm. + 1 CD |
||
| 500 | _aMuğla Belediyesi katlı otopark hizmete açılışı ve Muğla ziyareti anısına | ||
| 600 |
_aKılıçdaroğlu, Kemal _xAçılışlar _yFotoğraflar |
||
| 610 |
_aMuğla Belediyesi _xAçılışlar _yFotoğraflar |
||
| 942 |
_2ddc _cBKS |
||
| 999 |
_c656 _d656 |
||